000 02697nam a2200529 c 4500
999 _c28931
_d28931
003 BLK
005 20230811005151.0
008 180407b bul|||||r ||||||| ||bul||
010 _aKNG00031534000
020 _a954-90587-5-1
040 _aBLK
041 _aBUL
_cBUL
072 7 _2bullib
_aК
_xКраезнание
072 7 _2bullib
_aЯ
_xАвтографи
080 _aАнгели, демони, светци. Учения за духа. Светият Дух. Агиография
_b235
_x(497.2)(092)
_z235(497.2)(092)
080 _aИзточноправославни църкви: българска, руска, гръцка, сръбска, румънска, грузинска, македонска
_b281.9
_x(497.2)
_z281.9(497.2)
080 _aПреподобни Димитрий Басарбовски - с. Басарбово, Русенско
_b929 Димитрий Басарбовски, св.
_z929 Димитрий Басарбовски, св.
139 _aБогослужебна прослава на преподобния наш отец Димитрий Басарбовски
_bД 58
245 1 0 _aБогослужебна прослава на преподобния наш отец Димитрий Басарбовски
_cсъстав. и предг. Виктор Мутафов, Ангел Младенов ; прев. от рум. Петър Тотев.
257 _aBGR
260 _aРусе
_bАнжела
_c2000
_fРусе : Дунав прес
300 _a56 с.
_c20 см
380 _a2
600 1 4 _aДимитрий Басарбовски, св.
_9270014
650 4 _aБогослужение
_9148888
650 4 _aИзточноправославна църква
_9261932
650 4 _aДимитрий Басарбовски, св.
_9270014
650 7 _aСветци, български
_2
_9170331
653 _aсв. Димитрий Басарбовски
653 _aсветци
653 _aбогослужение
659 _aК
659 _aЯ
700 _aМутафов, Виктор архим.
_gВиктор, архим. ; Мустафов, Виктор
_d1964-
_qМутафов, Вихрен Стоянов
_eсъстав. и предг. от
_9268956
700 1 _aМладенов, Ангел
_eсъстав. и предг. от
_9270012
700 1 _aТотев, Петър
_eпрев. от рум.
_9270013
852 _aЦб 204369
852 _aК 2(092)/Д 58
856 4 _qpdf
856 4 _qpdf
942 _cKNG
_n0
_s1
944 _aCR
_c15.01.2003
_k
_lCRON CRON
944 _aED
_c18.12.2013
999 _d28931
999 _d28931
999 _d28931